Revitalizácia priestorov v okolí Chorvátskeho ramena

Saved in:
Bibliographic Details
Main Author: Malkeyeva, Shyrailym (Author)
Other Authors: Kubáňová, Martina (Thesis advisor)
Format: Manuscript Book
Language:Slovak
Published: 2025
Subjects:
Online Access:http://is.stuba.sk/zp/portal_zp.pl?podrobnosti=185419
CRZP
Tags: Add Tag
No Tags, Be the first to tag this record!

MARC

LEADER 00000ntm a22000003a 4500
001 stuzp105415
003 SK-STU
005 20250729140436.4
007 ta
008 150427s2015----xo-----f-mn---000-0-slo-d
040 |a STU  |b slo 
041 0 |a slo 
100 1 |a Malkeyeva, Shyrailym  |u 010160  |4 aut  |U SvF Stavebná fakulta  |T SvF Katedra vodného hospodárstva krajiny  |X 115293  |U V160  |Y 16  |7 115293 
242 0 1 |a Revitalisation of the of areas around the Croatian stream  |y eng 
245 1 0 |a Revitalizácia priestorov v okolí Chorvátskeho ramena 
260 |c 2025 
650 4 |a Chorvátske rameno  |2 slo 
650 4 |a Petržalka  |2 slo 
650 4 |a revitalizácia  |2 slo 
650 4 |a Croatian stream  |2 eng 
650 4 |a Petržalka  |2 eng 
650 4 |a revitalization  |2 eng 
700 1 |a Kubáňová, Martina  |u 010160  |k Z1  |4 ths  |U SvF Stavebná fakulta  |T SvF Katedra vodného hospodárstva krajiny  |X 68887  |U V160  |Y 16  |7 A000068887 
856 4 |u http://is.stuba.sk/zp/portal_zp.pl?podrobnosti=185419 
856 4 |u https://opac.crzp.sk/?fn=detailBiblioForm&sid=C9A1C75A261DD259FA88451E26A3  |z CRZP